000 00204 a2200097 4500
001 10480
100 _aKennedy, S.J.
245 _aThe buusiness of war
260 _a
_bHutchinson
_c
090 _c8099
_d8099
942 _aNUST-CAE
_cM
_c34821
999 _c245553
_d245553